Jekel's epidemiology, biostatistics, preventive medicine, and public health
Saved in:
| Main Authors: | , , , |
|---|---|
| Format: | Book |
| Language: | English |
| Published: |
St. Louis
Elsevier
2020
|
| Edition: | Fifth edition |
| Subjects: | |
| Tags: |
Add Tag
No Tags, Be the first to tag this record!
|
| Call Number : | WA 950 .E46 2020 |
MARC
| LEADER | 00000nam a2200000 c 4500 | ||
|---|---|---|---|
| 001 | 89133 | ||
| 003 | MY-KLNDU | ||
| 005 | 20241219044659.0 | ||
| 008 | 221104 20202020mouab b 001 0 eng d | ||
| 020 | |a 9780323642019 (pbk) | ||
| 020 | |a 0323642012 (pbk) | ||
| 020 | |z 9780323681001 (ebk) | ||
| 039 | 9 | |a 202211041257 |b VLOAD |c 202111291255 |d rafizah |y 202107161646 |z dewi | |
| 040 | |a UPNM |b eng |c UPNM |e rda | ||
| 060 | |a WA 950 | ||
| 090 | |a WA 950 |b .E46 2020 | ||
| 100 | 1 | |a Elmore, Joann G. |e author | |
| 245 | 1 | 0 | |a Jekel's epidemiology, biostatistics, preventive medicine, and public health |c Joann G. Elmore, Dorothea Wild, David L. Katz, Heidi D. Nelson |
| 246 | 3 | 0 | |a Epidemiology, biostatistics, preventive medicine, and public health |
| 250 | |a Fifth edition | ||
| 264 | 1 | |a St. Louis |b Elsevier |c 2020 | |
| 264 | 4 | |c © 2020 | |
| 300 | |a ix, 451 pages |b illustrations, maps, charts |c 28 cm | ||
| 336 | |a text |2 rdacontent | ||
| 337 | |a unmediated |2 rdamedia | ||
| 338 | |a volume |2 rdacarrier | ||
| 504 | |a Includes bibliographical references and index | ||
| 505 | 0 | |a Basic epidemiologic concepts and principles -- Epidemiologic data measurements -- Epidemiologic surveillance and epidemic outbreak investigation -- The study of risk factors and causation -- Common research designs and issues in epidemiology -- Assessment of risk and benefit in epidemiologic studies -- Understanding the quality of medical data -- Describing variation and distribution of data -- Testing hypotheses -- Analyzing relationships between two variables -- Analyzing relationships between multiple variables -- Using statistics to design studies: sample size calculation, randomization, and controlling for multiple hypotheses -- Using statistics to answer clinical questions: meta-analysis, Bayes Theorem and predictive values of tests, and decision analysis -- Introduction to preventive medicine -- Methods of primary prevention: health promotion and disease prevention -- Principles and practice of secondary prevention -- Methods of tertiary prevention -- Developing recommendations for clinical preventive services -- Chronic disease prevention -- Prevention of infectious diseases -- Prevention of mental health and behavior problems -- Occupational medicine and environmental health -- Injury prevention -- Introduction to public health -- The US Public Health System: structure and function -- Improving public health in communities -- Disaster epidemiology and surveillance -- Health services organization, financing, and quality improvement -- Health care organization, policy, and financing -- Integrating efforts for clinical care, research, and public health action: one science, one planet, one health | |
| 592 | |a 00015516/21 |b 20/9/2021 |c RM229.01 |h Areesh | ||
| 650 | 1 | 2 | |a Epidemiologic Methods |
| 650 | 2 | 2 | |a Biometry |
| 650 | 2 | 2 | |a Preventive Medicine |
| 650 | 2 | 2 | |a Public Health |
| 700 | 1 | |a Wild, Dorothea |e author | |
| 700 | 1 | |a Katz, David L. |e author | |
| 700 | 1 | |a Nelson, Heidi D. |e author | |
| 999 | |a vtls000100062 |c 89133 |d 89133 | ||


